| 000 | 01867cam a2200421 i 4500 | ||
|---|---|---|---|
| 001 | 1303637538 | ||
| 003 | SIRSI | ||
| 005 | 20240613113913.0 | ||
| 008 | 220315t20182018nyua j 000 1 eng d | ||
| 020 |
_a9781338768107 _q(paperback) |
||
| 020 |
_a1338768107 _q(paperback) |
||
| 040 |
_aUUC _beng _cUUC _dOCLCO _dOCLCF _dXY4 _dOCLCO _dOCLCQ |
||
| 092 |
_aPBJ _bPOKEMON |
||
| 100 | 1 |
_aJohnson, Jennifer L., _eadapter. |
|
| 245 | 1 | 0 |
_aBattle for the Zephyr badge ; _bAll fired up / _cadapted by Jennifer Johnson. |
| 246 | 3 | 0 | _aAll fired up. |
| 246 | 1 |
_iAt head of title: _aPokemon. |
|
| 260 |
_aNew York : _bScholastic Inc., _cc2021. |
||
| 264 | 1 |
_aNew York : _bScholastic Inc., _c[2021] |
|
| 264 | 4 | _cc2021. | |
| 300 |
_a85, 88 pages : _billustrations ; _c20 cm. |
||
| 336 |
_atext _btxt _2rdacontent. |
||
| 336 |
_astill image _bsti _2rdacontent. |
||
| 337 |
_aunmediated _bn _2rdamedia. |
||
| 338 |
_avolume _bnc _2rdacarrier. |
||
| 490 | 1 | _aPokemon. | |
| 500 | _aTexts bound back-to-back and inverted. | ||
| 520 | 8 | _a"Trouble seems to following Ash and his team around! A Quagsire takes the GS Ball. A young boy at a Pokemon. Trainer school tries to catch Pikachu. And Team Rocket is up to their usual troublesome tricks. How will Ash ever get it together to go for his first Johto League badge?"--Back cover. | |
| 520 | _aCharizard can only get stronger if it leaves Ash -- forever. But that means Ash has no Fire-type Pokemon at all. Have his dreams of becoming a Pokemon Master gone up in flames? | ||
| 521 | _aFor children. | ||
| 526 | 0 |
_aAccelerated Reader _bLG _c3.5 _d1.0 _zQuiz No. 198670 EN Fiction. |
|
| 650 | 0 |
_aPokemon (Fictitious characters) _vJuvenile fiction. |
|
| 650 | 0 |
_aAnimal training _vJuvenile fiction. |
|
| 650 | 0 |
_aHuman-animal relationships _vJuvenile fiction. |
|
| 650 | 0 | _aUpside-down books. | |
| 830 | 0 | _aPokemon. | |
| 942 | _cBK | ||
| 999 |
_c29867 _d29865 |
||